| 000 | 00000nas##2200000za#4500 |
|---|---|
| 001 | 9.504456 |
| 003 | CaOODSP |
| 005 | 20201118084411 |
| 007 | cr ||||||||||| |
| 008 | 150406c1999||||xxc|| m o||||f| |0eng|d |
| 040 | |aCaOODSP|beng |
| 043 | |an-cn--- |
| 086 | 1 |aH113-2E-IN |
| 110 | 1 |aCanada. |bPest Management Regulatory Agency. |
| 245 | 10|aFact sheet |h[electronic resource] |
| 260 | |aOttawa - Ontario : |bHealth Canada. |c2002. |
| 362 | 1 |aFACT 2002- |
| 775 | 08|tFiche technique |w(CaOODSP)9.500874 |
| 776 | 0#|tFact sheet |w(CaOODSP)9.514698 |